[Event "RUS-ch Men Rapid 2019"]
[Site "Sochi"]
[Date "2019.10.16"]
[Round "6.5"]
[White "Bocharov, Dmitry"]
[Black "Rozum, Ivan"]
[Result "1/2-1/2"]
[WhiteElo "2519"]
[BlackElo "2599"]
[Annotator "RC"]
[PlyCount "143"]
[EventDate "2019.10.15"]
[EventType "swiss"]
[EventCountry "RUS"]
[SourceTitle "playchess.com"]
[Source "ChessBase"]
[SourceQuality "1"]
[TimeControl "900+10"]

1. c4 {[%emt 0:00:00]} e5 {[%emt 0:00:00]} 2. Nc3 {[%emt 0:00:00]} Bb4 {[%emt 0:00:02]} 3. Nd5 {[%emt 0:00:06]} Be7 {[%emt 0:00:19]} 4. d4 {[%emt 0:01:02]} d6 {[%emt 0:00:16]} 5. g3 {[%emt 0:00:35]} Nf6 {[%emt 0:01:11]} 6. Bg2 {[%emt 0:00:12]} O-O {[%emt 0:00:12]} 7. e3 {[%emt 0:01:07]} Nxd5 {[%emt 0:00:44]} 8. cxd5 {[%emt 0:00:04]} exd4 {[%emt 0:00:16]} 9. Qxd4 {[%emt 0:00:19]} c5 {[%emt 0:00:03]} 10. dxc6 {[%emt 0:00:17]} bxc6 {[%emt 0:00:39]} 11. Ne2 {[%emt 0:00:02]} Ba6 {[%emt 0:00:11]} 12. Qd2 {[%emt 0:00:03]} Nd7 {[%emt 0:02:37]} 13. O-O {[%emt 0:00:32]} Ne5 {[%emt 0:00:04]} 14. Rd1 {[%emt 0:00:03]} d5 {[%emt 0:00:27]} 15. Qc2 {[%emt 0:01:17]} Bf6 {[%emt 0:00:21]} 16. Nf4 {[%emt 0:00:47]} g6 {[%emt 0:01:29]} 17. Rb1 {[%emt 0:03:17]} Qe7 {[%emt 0:00:03]} 18. h3 {[%emt 0:02:50]} Bc8 {[%emt 0:01:16]} 19. e4 {[%emt 0:00:50]} Rd8 {[%emt 0:00:45]} 20. Be3 {[%emt 0:00:17]} Rb8 {[%emt 0:04:51]} 21. b3 {[%emt 0:00:30]} a5 {[%emt 0:01:17]} 22. Rbc1 {[%emt 0:00:36]} dxe4 {[%emt 0:00:03]} 23. Bc5 {[%emt 0:01:24]} Rxd1+ {[%emt 0:00:20]} 24. Rxd1 {[%emt 0:00:03]} Qe8 {[%emt 0:00:03]} 25. Bxe4 {[%emt 0:00:23]} Ba6 {[%emt 0:00:16]} 26. Bg2 {[%emt 0:01:19]} Rd8 {[%emt 0:00:07]} 27. Bb6 {[%emt 0:00:08]} Rxd1+ {[%emt 0:00:06]} 28. Qxd1 {[%emt 0:00:01]} a4 {[%emt 0:00:09]} 29. bxa4 {[%emt 0:00:07]} Nc4 {[%emt 0:00:23]} 30. a5 {[%emt 0:00:23]} Nxb6 {[%emt 0:00:56]} 31. axb6 {[%emt 0:00:03]} Qb8 {[%emt 0:00:03]} 32. Bxc6 {[%emt 0:00:57]} Qxb6 {[%emt 0:00:06]} 33. Bd5 {[%emt 0:00:00]} Bd4 {[%emt 0:00:13]} 34. Qf3 {[%emt 0:00:00]} Qb1+ {[%emt 0:00:29]} 35. Kh2 {[%emt 0:00:30]} Qf5 {[%emt 0:00:07]} 36. Kg2 Bc8 37. h4 {[%emt 0:00:21]} Kg7 {[%emt 0:00:13]} 38. a4 {[%emt 0:00:05]} Bb6 {[%emt 0:00:15]} 39. Qc3+ {[%emt 0:00:17]} Kg8 {[%emt 0:00:09]} 40. Qc6 {[%emt 0:00:04]} Bd4 {[%emt 0:00:13]} 41. a5 {[%emt 0:00:04]} Bd7 {[%emt 0:00:06]} 42. Qc4 {[%emt 0:00:07]} Be5 {[%emt 0:00:13]} 43. a6 {[%emt 0:00:32]} Bb8 {[%emt 0:00:03]} 44. Bc6 {[%emt 0:00:15]} Be6 {[%emt 0:00:19]} 45. Nxe6 {[%emt 0:00:09]} Qxe6 {[%emt 0:00:01]} 46. Bd5 {[%emt 0:00:03]} Qd7 {[%emt 0:00:18]} 47. Qd4 {[%emt 0:00:30]} Ba7 {[%emt 0:00:02]} 48. Qe5 {[%emt 0:00:02]} h5 {[%emt 0:00:15]} 49. Kg1 {[%emt 0:00:14]} Qd8 {[%emt 0:00:07]} 50. Bb3 {[%emt 0:00:08]} Qb8 {[%emt 0:00:13]} 51. Qc3 {[%emt 0:00:11]} Qb6 {[%emt 0:00:07]} 52. Qf3 {[%emt 0:00:02]} Qc7 {[%emt 0:00:12]} 53. Kg2 {[%emt 0:00:05]} Kg7 {[%emt 0:00:03]} 54. Qe4 {[%emt 0:00:17]} Qb6 {[%emt 0:00:22]} 55. Qf3 {[%emt 0:00:12]} Qf6 {[%emt 0:00:05]} 56. Qxf6+ {[%emt 0:00:18]} Kxf6 {[%emt 0:00:00]} 57. f4 {[%emt 0:00:01]} Ke7 {[%emt 0:00:33]} 58. Kf3 {[%emt 0:00:05]} f5 {[%emt 0:00:09]} 59. Ke2 {[%emt 0:00:01]} Bb6 {[%emt 0:00:04]} 60. Kd3 {[%emt 0:00:07]} Bf2 {[%emt 0:00:02]} 61. Bg8 {[%emt 0:00:21]} Ke8 {[%emt 0:00:18]} 62. Ke2 {[%emt 0:00:25]} Bb6 {[%emt 0:00:02]} 63. Kd3 {[%emt 0:00:10]} Bf2 {[%emt 0:00:01]} 64. Kc4 {[%emt 0:00:01]} Kd7 {[%emt 0:00:22]} 65. Kd5 {[%emt 0:00:21]} Kc7 {[%emt 0:00:01]} 66. Ke5 {[%emt 0:00:11]} Bxg3 {[%emt 0:00:01]} 67. Bf7 {[%emt 0:00:01]} Bxh4 {[%emt 0:00:04]} 68. Bxg6 {[%emt 0:00:03]} Kb6 {[%emt 0:00:03]} 69. Kxf5 {[%emt 0:00:02]} Kxa6 {[%emt 0:00:02]} 70. Bxh5 {[%emt 0:00:01]} Bg3 {[%emt 0:00:01]} 71. Ke4 {[%emt 0:00:03]} Bxf4 {[%emt 0:00:01]} 72. Kxf4 {[%emt 0:00:01]} 1/2-1/2

[Event "RUS-ch Men Rapid 2019"]
[Site "Sochi"]
[Date "2019.10.16"]
[Round "6.6"]
[White "Antipov, Mikhail Al."]
[Black "Goryachkina, Aleksandra"]
[Result "1-0"]
[WhiteElo "2567"]
[BlackElo "2575"]
[Annotator "RC"]
[PlyCount "77"]
[EventDate "2019.10.15"]
[EventType "swiss"]
[EventCountry "RUS"]
[SourceTitle "playchess.com"]
[Source "ChessBase"]
[SourceQuality "1"]
[TimeControl "900+10"]

1. e4 {[%emt 0:00:00]} e6 {[%emt 0:00:00]} 2. d4 {[%emt 0:00:00]} d5 {[%emt 0:00:00]} 3. Nd2 {[%emt 0:00:00]} c5 {[%emt 0:00:00]} 4. Ngf3 {[%emt 0:00:00]} cxd4 {[%emt 0:00:08]} 5. exd5 {[%emt 0:00:00]} Qxd5 {[%emt 0:00:03]} 6. Bc4 {[%emt 0:00:00]} Qd7 {[%emt 0:00:08]} 7. O-O {[%emt 0:00:01]} Nc6 {[%emt 0:00:03]} 8. Nb3 {[%emt 0:00:03]} a6 {[%emt 0:00:03]} 9. a4 {[%emt 0:00:01]} Nf6 {[%emt 0:00:38]} 10. Qe2 {[%emt 0:00:01]} Bd6 {[%emt 0:00:17]} 11. Rd1 {[%emt 0:00:02]} O-O {[%emt 0:00:22]} 12. Nbxd4 {[%emt 0:00:05]} e5 {[%emt 0:00:22]} 13. Nxc6 {[%emt 0:00:02]} Qxc6 {[%emt 0:00:02]} 14. Bg5 {[%emt 0:00:03]} Bc7 {[%emt 0:00:02]} 15. Ra3 {[%emt 0:00:50]} Be6 {[%emt 0:04:16]} 16. Bxe6 {[%emt 0:04:07]} Qxe6 {[%emt 0:00:02]} 17. Rc3 {[%emt 0:00:03]} Rac8 {[%emt 0:03:30]} 18. Bxf6 {[%emt 0:02:22]} Qxf6 {[%emt 0:00:08]} 19. Qe4 {[%emt 0:00:01]} Qe7 {[%emt 0:01:59]} 20. Rcd3 {[%emt 0:02:56]} Rcd8 {[%emt 0:03:07]} 21. Rxd8 {[%emt 0:06:10]} Rxd8 {[%emt 0:00:02]} 22. Rxd8+ {[%emt 0:00:01]} Qxd8 {[%emt 0:00:01]} 23. g3 {[%emt 0:00:00]} Qe8 {[%emt 0:02:20]} 24. Qxb7 {[%emt 0:01:07]} Bb8 {[%emt 0:00:36]} 25. Qxa6 {[%emt 0:00:17]} e4 {[%emt 0:00:05]} 26. Ne1 {[%emt 0:00:53]} e3 {[%emt 0:00:09]} 27. fxe3 {[%emt 0:00:04]} Qxe3+ {[%emt 0:00:05]} 28. Kf1 {[%emt 0:00:01]} Qe8 {[%emt 0:00:26]} 29. Qb7 {[%emt 0:00:14]} h5 {[%emt 0:00:28]} 30. a5 {[%emt 0:00:04]} h4 {[%emt 0:00:17]} 31. gxh4 {[%emt 0:00:25]} Bxh2 {[%emt 0:00:17]} 32. a6 {[%emt 0:00:01]} Qe3 {[%emt 0:00:10]} 33. a7 {[%emt 0:00:20]} Qg1+ {[%emt 0:00:02]} 34. Ke2 {[%emt 0:00:01]} Qg4+ {[%emt 0:00:02]} 35. Kd3 {[%emt 0:00:17]} Qd1+ {[%emt 0:00:17]} 36. Kc4 {[%emt 0:00:01]} Qe2+ {[%emt 0:00:19]} 37. Kb3 {[%emt 0:00:01]} Qe6+ {[%emt 0:00:03]} 38. c4 {[%emt 0:00:01]} Qe3+ {[%emt 0:00:16]} 39. Ka2 {[%emt 0:00:01]} 1-0

[Event "RUS-ch Men Rapid 2019"]
[Site "Sochi"]
[Date "2019.10.16"]
[Round "6.7"]
[White "Faizrakhmanov, Ramil"]
[Black "Kokarev, Dmitry"]
[Result "0-1"]
[WhiteElo "2434"]
[BlackElo "2593"]
[Annotator "TA"]
[PlyCount "103"]
[EventDate "2019.10.15"]
[EventType "swiss"]
[EventCountry "RUS"]
[SourceTitle "playchess.com"]
[Source "ChessBase"]
[SourceQuality "1"]

{[%evp 18,103,38,46,39,50,51,43,52,0,0,0,13,0,0,-39,-39,-28,-34,-78,-68,-89,-105,-102,-104,-137,-143,-156,-156,-157,-145,-145,-150,-147,-150,-145,-130,-138,-142,-154,-135,-147,-134,-182,-177,-204,-207,-203,-201,-209,-174,-252,-237,-260,-271,-268,-267,-266,-287,-254,-212,-209,-212,-386,-373,-356,-210,-186,0,-275,-172,-456,-58,-29944,-5791,-29945,-29949,-29973,-29971,-29974,-29975,-29976,-29976,-29977,-29978,-29978,-29979,-29978]} 1. d4 g6 2. Nf3 Bg7 3. c4 d6 4. Nc3 Nd7 5. e3 Ngf6 6. Be2 O-O 7. O-O e5 8. Qc2 Re8 9. Rd1 e4 10. Nd2 $1 {[%cal Rd2e4]} Qe7 {E61: King's Indian: Early deviations for White, including Smyslov System} 11. b4 $146 (11. f4 Nf8 12. a4 h5 13. h3 Bf5 14. a5 b6 15. a6 N8h7 16. Nb3 Ng4 17. d5 Qh4 18. Bxg4 Bxg4 19. Ne2 Ng5 20. Rf1 Nf3+ 21. Rxf3 exf3 {0-1 (21) Michalik,P (2546)-Van Wely,L (2663) Germany 2018}) 11... Nf8 12. Bb2 Bf5 {White is slightly better.} 13. Nd5 (13. a4 $14) 13... Nxd5 $11 14. cxd5 h5 15. Rac1 Rec8 16. Nf1 h4 17. a4 Nh7 18. a5 a6 19. Qb3 h3 20. g3 Qd7 21. Nd2 Bg4 $1 {[%cal Rg4e2]} 22. Qc4 Bxe2 23. Qxe2 Qf5 24. f3 exf3 $1 25. Qxf3 Qxf3 26. Nxf3 Nf6 27. Bc3 Nxd5 28. e4 Nf6 29. Re1 c6 30. Rc2 d5 31. e5 Ne4 32. Nd2 Ng5 $1 33. Rf1 Rf8 $1 34. Nb3 (34. Nf3 $142 Ne4 35. Ba1) 34... f6 $19 35. exf6 Rxf6 ({Resist} 35... Bxf6 36. Re2 $19) 36. Rxf6 Bxf6 37. Nc5 Nf3+ 38. Kf1 {Black must now prevent Rf2.} Bxd4 39. Bxd4 Nxd4 {[%mdl 4096] Endgame KRN-KRN} 40. Rd2 $2 (40. Rf2) 40... Rf8+ 41. Rf2 Nf3 (41... Rf3 $142 42. Ke1 Ra3) 42. Ke2 Nd4+ (42... Ng5 $142 $1 43. Rxf8+ Kxf8 44. Nxb7 Ne6) 43. Kf1 $1 Nf5 44. Nxb7 $2 (44. Ke2 {was worth a try.}) 44... Rf7 $2 (44... Ne3+ $19 45. Ke2 Rxf2+ 46. Kxf2 Ng4+ {[%mdl 64] Double Attack} 47. Kg1 d4) 45. Nc5 $2 {[%mdl 8192] [#]} (45. Nd8 $15 Rf6 46. g4 Ne3+ {[%mdl 64] Double Attack} 47. Ke2 Rxf2+ 48. Kxf2 Nxg4+ 49. Ke2) 45... Nxg3+ $1 {[%mdl 512]} 46. Kg1 {[#]} (46. hxg3 h2) 46... Rxf2 $1 {Black mates.} 47. Kxf2 {[#]} Ne4+ $1 48. Nxe4 dxe4 {KP-KP} 49. Ke3 Kf7 50. Kxe4 Ke6 51. Kd4 g5 52. Ke4 {Accuracy: White = 40%, Black = 72%.} 0-1

[Event "RUS-ch Men Rapid 2019"]
[Site "Sochi"]
[Date "2019.10.16"]
[Round "6.8"]
[White "Grachev, Boris"]
[Black "Potapov, Pavel"]
[Result "1/2-1/2"]
[WhiteElo "2621"]
[BlackElo "2489"]
[Annotator "TA"]
[PlyCount "115"]
[EventDate "2019.10.15"]
[EventType "swiss"]
[EventCountry "RUS"]
[SourceTitle "playchess.com"]
[Source "ChessBase"]
[SourceQuality "1"]

{[%evp 10,115,22,13,17,26,14,19,16,0,32,33,29,33,39,28,36,31,66,55,48,47,40,45,41,33,59,25,35,31,47,37,42,6,15,2,5,0,0,0,0,0,7,7,6,0,99,99,94,84,94,34,149,31,38,45,36,65,53,52,93,95,145,95,162,171,158,142,125,0,112,114,106,104,95,104,94,50,66,60,53,47,54,0,72,0,96,4,101,0,116,0,0,0,0,0,0,0,0,0,0,0,0,0,0,0,0,0]} 1. d4 f5 2. Nc3 Nf6 3. Bg5 d5 4. e3 e6 5. Nf3 Be7 6. Bd3 Ne4 {A80: Dutch Defence: Unusual White second moves} 7. Bxe7 Qxe7 8. O-O O-O 9. Nb1 $146 ({Predecessor:} 9. Ne2 Nd6 10. Rc1 Nd7 11. c4 c6 12. Qb3 Kh8 13. Qa3 a5 14. Ne5 {½-½ (45) So,W (2770)-Carlsen,M (2855) Leuven 2016}) 9... c5 10. c4 dxc4 11. Bxc4 Rd8 12. Qc2 Nc6 {[%cal Rc5d4]} 13. dxc5 Kh8 14. Nc3 Nxc5 15. Rad1 Bd7 16. a3 a5 17. Bb5 Be8 18. Bxc6 Bxc6 19. Ne5 Be4 20. Nxe4 Nxe4 21. h3 Kg8 22. Rxd8+ Rxd8 23. Rc1 h6 24. Nf3 Kh7 25. Nd4 Qh4 26. Rf1 Qe7 27. Rc1 Kh8 (27... Qh4 $11) 28. Qc7 $1 $16 {[%cal Rc7e7]} Qxc7 29. Rxc7 {[%mdl 4096] Endgame KRN-KRN} f4 {[#] and if ...e5 works, Black does fine.} 30. Nxe6 (30. Re7 $1 $16) 30... Rd1+ $14 31. Kh2 Nd2 $1 {[%cal Rd2f1] ( -> ...Nf1+)} 32. h4 (32. Rxg7 $2 {leads to mate.} Nf1+ 33. Kg1 Ng3+ 34. Kh2 Rh1#) 32... Nf1+ 33. Kh3 fxe3 34. fxe3 ({Wrong is} 34. Rxb7 $2 e2 $19) 34... Nxe3 35. Rxb7 Rh1+ 36. Kg3 Nf5+ (36... g6 $16 {is a better defense.}) 37. Kg4 $18 Ne3+ 38. Kf3 Nf5 39. Kg4 Ne3+ $1 40. Kf4 {aiming for Rb8+.} Nxg2+ {[#]} 41. Kg3 $1 {[%cal Rg3g2]} Ne3 42. Nxg7 Nc4 {And now ...Rg1+ would win.} 43. Nh5 {Intending Nf6 and mate.} (43. Nf5 {feels hotter.} Rg1+ 44. Kf4 Rb1 45. Rc7 Rf1+ 46. Ke4) 43... Kg8 44. Nf6+ Kf8 45. Nh7+ Kg8 46. Nf6+ Kf8 47. b4 (47. a4 $16) 47... Rb1 (47... Ra1 $11) 48. Nh7+ (48. Rc7 $16 Nd6 49. bxa5 Rb3+ 50. Kg4 Rxa3 51. Ra7) 48... Kg8 (48... Ke8 $1 $11) 49. Nf6+ Kf8 50. Rb8+ ({White should play} 50. Rc7 $16 Nd6 51. bxa5 Rb3+ 52. Kg4 Rxa3 53. Ra7) 50... Kf7 $11 {The position is equal.} 51. Nd7 Rb3+ 52. Kf4 Rxa3 53. b5 {Hoping for b6.} Ke6 54. Nb6 Nd6 55. Rh8 Nxb5 56. Rxh6+ Kf7 57. Nd5 Nc3 58. Nxc3 {Accuracy: White = 45%, Black = 64%.} 1/2-1/2

[Event "RUS-ch Men Rapid 2019"]
[Site "Sochi"]
[Date "2019.10.16"]
[Round "6.9"]
[White "Nesterov, Arseniy"]
[Black "Triapishko, Alexandr"]
[Result "1-0"]
[WhiteElo "2484"]
[BlackElo "2514"]
[Annotator "RC"]
[PlyCount "145"]
[EventDate "2019.10.15"]
[EventType "swiss"]
[EventCountry "RUS"]
[SourceTitle "playchess.com"]
[Source "ChessBase"]
[SourceQuality "1"]
[TimeControl "900+10"]

1. Nf3 {[%emt 0:00:00]} c5 {[%emt 0:02:47]} 2. c4 {[%emt 0:00:09]} Nc6 {[%emt 0:00:16]} 3. Nc3 {[%emt 0:00:02]} g6 {[%emt 0:03:54]} 4. g3 {[%emt 0:00:08]} Bg7 {[%emt 0:00:07]} 5. Bg2 {[%emt 0:00:02]} e5 {[%emt 0:01:15]} 6. d3 {[%emt 0:00:28]} d6 {[%emt 0:00:54]} 7. O-O {[%emt 0:04:43]} Nge7 {[%emt 0:00:04]} 8. a3 {[%emt 0:00:05]} O-O {[%emt 0:00:27]} 9. Rb1 {[%emt 0:00:01]} a5 {[%emt 0:01:46]} 10. Ne1 {[%emt 0:00:12]} Be6 {[%emt 0:00:46]} 11. Nd5 {[%emt 0:01:26]} a4 {[%emt 0:02:31]} 12. b4 {[%emt 0:00:09]} axb3 {[%emt 0:00:47]} 13. Rxb3 {[%emt 0:00:05]} Ra7 {[%emt 0:00:05]} 14. Nxe7+ {[%emt 0:00:11]} Qxe7 {[%emt 0:00:21]} 15. Nc2 {[%emt 0:00:05]} f5 {[%emt 0:00:37]} 16. Ne3 {[%emt 0:00:13]} Nd4 {[%emt 0:00:14]} 17. Rb1 {[%emt 0:00:07]} Rb8 {[%emt 0:00:34]} 18. Nd5 {[%emt 0:00:07]} Qd8 {[%emt 0:00:10]} 19. e3 {[%emt 0:00:56]} Nc6 {[%emt 0:00:00]} 20. Rb5 {[%emt 0:00:41]} Ne7 {[%emt 0:00:08]} 21. Nxe7+ {[%emt 0:00:12]} Qxe7 {[%emt 0:00:01]} 22. Qb3 {[%emt 0:00:07]} e4 {[%emt 0:00:22]} 23. dxe4 {[%emt 0:00:22]} Qf7 {[%emt 0:00:07]} 24. exf5 {[%emt 0:00:47]} Bxc4 {[%emt 0:00:15]} 25. fxg6 {[%emt 0:00:03]} hxg6 {[%emt 0:00:04]} 26. Qd1 {[%emt 0:00:48]} Ra6 {[%emt 0:00:20]} 27. Rb1 {[%emt 0:00:40]} Kh7 {[%emt 0:00:24]} 28. Re1 {[%emt 0:00:23]} b5 {[%emt 0:00:10]} 29. e4 {[%emt 0:02:02]} Ba2 {[%emt 0:00:09]} 30. Rb2 {[%emt 0:00:14]} b4 {[%emt 0:00:12]} 31. axb4 {[%emt 0:00:59]} Bxb2 {[%emt 0:00:06]} 32. Bxb2 {[%emt 0:00:03]} Rxb4 {[%emt 0:00:01]} 33. Qd2 {[%emt 0:00:22]} Rab6 {[%emt 0:00:02]} 34. Bc1 {[%emt 0:00:25]} Rb1 {[%emt 0:00:17]} 35. e5 {[%emt 0:00:18]} dxe5 {[%emt 0:00:14]} 36. Qh6+ {[%emt 0:00:40]} Kg8 {[%emt 0:00:01]} 37. Rd1 {[%emt 0:00:03]} Rxc1 {[%emt 0:00:27]} 38. Rxc1 {[%emt 0:00:21]} Rb1 {[%emt 0:00:12]} 39. Rxb1 {[%emt 0:00:24]} Bxb1 {[%emt 0:00:01]} 40. Qc1 {[%emt 0:00:01]} Bf5 {[%emt 0:00:18]} 41. Qxc5 {[%emt 0:00:03]} Qf6 {[%emt 0:00:07]} 42. h4 {[%emt 0:00:17]} Kg7 {[%emt 0:00:12]} 43. Bd5 {[%emt 0:00:08]} Kh6 {[%emt 0:00:13]} 44. f3 {[%emt 0:00:17]} g5 {[%emt 0:00:07]} 45. Qe3 {[%emt 0:00:35]} Kg6 {[%emt 0:00:11]} 46. g4 {[%emt 0:00:34]} Bc2 {[%emt 0:00:12]} 47. Be4+ {[%emt 0:01:28]} Bxe4 {[%emt 0:00:01]} 48. Qxe4+ {[%emt 0:00:01]} Kg7 {[%emt 0:00:14]} 49. h5 {[%emt 0:00:01]} Qd6 {[%emt 0:00:14]} 50. Kg2 {[%emt 0:00:29]} Kh6 {[%emt 0:00:12]} 51. Kh3 {[%emt 0:00:08]} Qf6 {[%emt 0:00:07]} 52. Qf5 {[%emt 0:00:21]} Qd6 {[%emt 0:00:01]} 53. Qe4 {[%emt 0:00:10]} Kg7 {[%emt 0:00:13]} 54. Kg2 {[%emt 0:00:10]} Qd2+ {[%emt 0:00:09]} 55. Kh3 {[%emt 0:00:04]} Qd6 {[%emt 0:00:02]} 56. Qb7+ {[%emt 0:00:06]} Kh6 {[%emt 0:00:09]} 57. Qa8 {[%emt 0:00:01]} Kg7 {[%emt 0:00:11]} 58. Qe8 {[%emt 0:00:04]} Qf6 {[%emt 0:00:09]} 59. Kg2 {[%emt 0:00:15]} Qd6 {[%emt 0:00:03]} 60. h6+ {[%emt 0:00:28]} Qxh6 {[%emt 0:00:18]} 61. Qe7+ {[%emt 0:00:07]} Kg8 {[%emt 0:00:05]} 62. Qxe5 {[%emt 0:00:02]} Qg6 {[%emt 0:00:25]} 63. Kf2 {[%emt 0:00:19]} Qc2+ {[%emt 0:00:16]} 64. Ke3 {[%emt 0:00:01]} Qc1+ {[%emt 0:00:08]} 65. Ke4 {[%emt 0:00:06]} Qc2+ {[%emt 0:00:09]} 66. Kd5 {[%emt 0:00:12]} Qd2+ {[%emt 0:00:15]} 67. Ke6 {[%emt 0:00:04]} Kh7 {[%emt 0:00:09]} 68. Kf6 {[%emt 0:00:12]} Kh6 {[%emt 0:00:22]} 69. Ke6 Kh7 70. Kf6 Kh6 71. Qe4 Qd6+ {Qe5 Qd2} 72. Kf7 Qd7+ 73. Kf6 1-0

[Event "RUS-ch Men Rapid 2019"]
[Site "Sochi"]
[Date "2019.10.16"]
[Round "6.10"]
[White "Apryshko, Gleb"]
[Black "Savchenko, Boris"]
[Result "1-0"]
[WhiteElo "2382"]
[BlackElo "2581"]
[Annotator "RC"]
[PlyCount "73"]
[EventDate "2019.10.15"]
[EventType "swiss"]
[EventCountry "RUS"]
[SourceTitle "playchess.com"]
[Source "ChessBase"]
[SourceQuality "1"]
[TimeControl "900+10"]

1. g3 {[%emt 0:00:00]} d5 {[%emt 0:01:09]} 2. Bg2 {[%emt 0:00:00]} Nc6 {[%emt 0:00:02]} 3. d3 {[%emt 0:00:12]} e5 {[%emt 0:00:03]} 4. a3 {[%emt 0:00:08]} f5 {[%emt 0:00:03]} 5. b4 {[%emt 0:01:14]} Be6 {[%emt 0:01:10]} 6. Bb2 {[%emt 0:00:20]} Bd6 {[%emt 0:00:16]} 7. Nd2 {[%emt 0:04:43]} Nf6 {[%emt 0:01:50]} 8. c4 {[%emt 0:00:15]} dxc4 {[%emt 0:00:29]} 9. Nxc4 {[%emt 0:00:07]} Bxc4 {[%emt 0:00:02]} 10. Bxc6+ {[%emt 0:00:06]} bxc6 {[%emt 0:00:03]} 11. dxc4 {[%emt 0:00:02]} c5 {[%emt 0:00:42]} 12. Nf3 {[%emt 0:01:23]} cxb4 {[%emt 0:01:06]} 13. Qa4+ {[%emt 0:00:03]} Nd7 {[%emt 0:03:50]} 14. axb4 {[%emt 0:00:06]} e4 {[%emt 0:00:40]} 15. Nd4 {[%emt 0:00:37]} Qf6 {[%emt 0:00:07]} 16. Rd1 {[%emt 0:03:41]} c6 {[%emt 0:02:35]} 17. Ba1 {[%emt 0:02:35]} O-O {[%emt 0:02:40]} 18. c5 {[%emt 0:00:03]} Be5 {[%emt 0:00:23]} 19. Qxc6 {[%emt 0:00:03]} Qf7 {[%emt 0:00:13]} 20. Ne6 {[%emt 0:00:17]} Bxa1 {[%emt 0:00:15]} 21. Rxd7 {[%emt 0:00:30]} Qf6 {[%emt 0:00:06]} 22. O-O {[%emt 0:00:44]} Rfe8 {[%emt 0:00:05]} 23. Rd6 {[%emt 0:00:46]} Be5 {[%emt 0:00:04]} 24. Nc7 {[%emt 0:00:03]} Qf7 {[%emt 0:00:34]} 25. Nxe8 {[%emt 0:00:08]} Rxe8 {[%emt 0:00:01]} 26. Rd7 {[%emt 0:00:04]} Qf8 {[%emt 0:00:02]} 27. Qd5+ {[%emt 0:00:24]} Kh8 {[%emt 0:00:02]} 28. Rf7 {[%emt 0:00:02]} Qg8 {[%emt 0:00:00]} 29. Rd1 {[%emt 0:00:01]} f4 {[%emt 0:00:57]} 30. gxf4 {[%emt 0:00:37]} Bc3 {[%emt 0:00:02]} 31. Rxa7 {[%emt 0:00:23]} Qf8 {[%emt 0:00:02]} 32. Rf7 {[%emt 0:00:03]} Qg8 {[%emt 0:00:01]} 33. Rb7 {[%emt 0:00:31]} Qf8 {[%emt 0:00:02]} 34. Qf7 {[%emt 0:00:06]} Qxf7 {[%emt 0:00:02]} 35. Rxf7 {[%emt 0:00:02]} Bxb4 {[%emt 0:00:02]} 36. c6 {[%emt 0:00:16]} Ba5 {[%emt 0:00:01]} 37. Rdd7 {[%emt 0:00:07]} 1-0

[Event "RUS-ch Men Rapid 2019"]
[Site "Sochi"]
[Date "2019.10.16"]
[Round "6.11"]
[White "Yuffa, Daniil"]
[Black "Samusenko, Maksim"]
[Result "0-1"]
[WhiteElo "2577"]
[BlackElo "2445"]
[Annotator "TA"]
[PlyCount "110"]
[EventDate "2019.10.15"]
[EventType "swiss"]
[EventCountry "RUS"]
[SourceTitle "playchess.com"]
[Source "ChessBase"]
[SourceQuality "1"]

{[%evp 16,132,43,39,43,35,38,38,44,42,40,43,39,45,50,45,69,99,67,25,35,25,73,21,173,162,163,162,160,166,181,181,164,173,408,454,430,425,554,533,450,448,435,426,443,470,629,0,0,-153,-173,-162,-177,-157,0,-107,-92,-104,-90,-98,-61,-335,-335,-335,-316,-510,-504,-502,-491,-374,-247,-1032,-1012,-961,-964,-836,-760,-539,0,-638,-835,-1348,-1129,-1060,-725,-1119,-1088,-1505,-675,-5189,-3230,-29968,-29969,-29969,-29969,-29967,-29967,-29973,-29967,-29973,-29973,-29980,-29981,-29981,-29982,-29983,-29982,-29982,-29980,-29987,-29986,-29986,-29987,-29987,-29988,-29988,-29989,-29989,-29989]} 1. d4 Nf6 2. c4 g6 3. Nc3 Bg7 4. e4 d6 5. Nf3 O-O 6. Be2 Na6 7. O-O e5 8. Re1 c6 9. Be3 exd4 {E94: King's Indian: Classical: 6 Be2 e5 7 0-0: Various Black 7th moves} 10. Nxd4 Re8 11. f3 d5 {White is slightly better.} 12. cxd5 Nxd5 13. Nxd5 cxd5 14. Bxa6 bxa6 15. Nc6 {[%mdl 64] Double Attack} Qf6 16. exd5 {And now Bd4 would win.} Qxb2 {[#]} 17. Rc1 $146 ({Predecessor:} 17. Rb1 Qxa2 {1-0 (27) Nyback,T (2599)-Bekker Jensen,S (2420) Bremen 2013}) 17... Bd7 18. Re2 Qb7 19. Rb1 (19. Kf2 $16) 19... Qc7 $2 (19... Qc8 $1 $11 {and Black is okay.}) 20. Ne7+ $1 $18 Kh8 21. d6 Qc4 22. Rc1 $36 {[%mdl 2048] White has strong initiative.} Qh4 23. Bf2 Qf6 24. Re4 Rad8 $2 (24... Qb2 {might work better.} 25. Rc2 Qa1 26. Qxa1 Bxa1) 25. Bd4 Qg5 26. Rc5 f5 27. h4 Qh6 28. Bxg7+ Qxg7 29. Re1 Bb5 30. Rc7 Qf6 {[#]} 31. Qd2 $2 (31. Re6 $1 $18 {[%mdl 512]} Qb2 (31... Qxe6 32. Qd4+) 32. a4) 31... Rxd6 $11 32. Qh6 $2 {[#]} (32. Qg5 $11) 32... Rd7 $1 $17 {[%cal Rd7c7]} 33. Rxd7 Bxd7 34. Qe3 f4 $2 (34... Kg7 $17 {Threatens to win with ...Kf7.} 35. h5 a5) 35. Qc5 (35. Qa3 $1 $11) 35... Qb6 36. Qxb6 axb6 {[%mdl 4096] Endgame KRB-KRN} 37. Kf2 Kg7 38. Nd5 $2 {[%mdl 8192]} (38. a3 $1 $15) 38... Rxe1 $19 39. Kxe1 {KB-KN} Be6 40. Nxb6 $2 (40. Nxf4 Bxa2 41. Ke2) 40... Bxa2 41. Kd2 Kf6 42. Nd7+ Kf5 43. Nc5 $2 (43. Kd3) 43... Bc4 44. Ke1 Bb5 45. Kd2 Bf1 46. Ke1 Bb5 47. Kd2 $1 Ke5 48. Ke1 Bc4 49. Kd2 Kd4 50. Ne4 a5 51. Nf6 h6 (51... h5 $142 52. Kc1 Bf1) 52. h5 gxh5 53. Nxh5 Ke5 {Black mates.} 54. g3 fxg3 55. Nxg3 a4 {Played: Ke5-f4} 0-1